| 000 | 01220cam a22003254a 4500 | ||
|---|---|---|---|
| 999 |
_c18804 _d18776 |
||
| 001 | 15892475 | ||
| 003 | EG-ScBUE | ||
| 005 | 20210309091608.0 | ||
| 008 | 090903s2009 xxk f b 001 0deng d | ||
| 020 | _a9780521519588 (hbk.) | ||
| 020 | _a0521519586 | ||
| 040 |
_aBTCTA _beng _erda _cBTCTA _dYDXCP _dUKM _dHLS _dDLC _dEG-ScBUE |
||
| 082 | 0 | 4 |
_a820.99415 _bWAT _222 |
| 100 | 1 |
_aWatt, Stephen, _d1951- _eauthor. _936997 |
|
| 245 | 1 | 0 |
_aBeckett and contemporary Irish writing / _cStephen Watt. |
| 264 | 1 |
_aCambridge : _bCambridge University Press, _c2009. |
|
| 300 |
_aviii, 226 pages ; _c24 cm |
||
| 336 |
_2rdacontent _atext _btxt |
||
| 337 |
_2rdamedia _aunmediated _bn |
||
| 338 |
_2rdacarrier _avolume _bnc |
||
| 504 | _aIncludes bibliographical references and index. | ||
| 600 | 1 | 0 |
_aBeckett, Samuel, _d1906-1989 _xInfluence _936998 |
| 650 | 7 |
_aEnglish literature _xIrish authors _xHistory and criticism. _936999 _2BUEsh |
|
| 650 | 7 |
_aEnglish literature _y20th century _xHistory and criticism. _930833 _2BUEsh |
|
| 650 | 7 |
_aEnglish literature _y21st century _xHistory and criticism. _937000 _2BUEsh |
|
| 651 | _2BUEsh | ||
| 653 |
_cDecember2014 _bHHUUEENN |
||
| 655 |
_vReading book _934232 |
||
| 942 |
_2ddc _k820.99415 WAT _cBB |
||